| 000 | 02817cam a2200445 i 4500 | ||
|---|---|---|---|
| 001 | 22975077 | ||
| 005 | 20250430130703.0 | ||
| 008 | 230216s2023 ilu b 001 0 eng | ||
| 010 | _a 2023007540 | ||
| 020 | _a9780226828015 | ||
| 037 | _cTB | ||
| 040 |
_aAL _beng _erda _cAL _dAL |
||
| 041 | 1 |
_aeng _hfre |
|
| 042 | _apcc | ||
| 050 | 0 | 0 |
_aB2430.D482 _bE5 2023 |
| 084 |
_aR3xN30 R3.1 _qAL |
||
| 100 | 1 |
_aDerrida, Jacques, _eauthor. |
|
| 245 | 1 | 0 | _aHospitality |
| 260 |
_aChicago, USA: _bThe University of Chicago Press, _c2023. |
||
| 264 | 1 | _c2023. | |
| 300 |
_aVol. 1 (xxiii, 267p.) _c24 cm |
||
| 336 |
_atext _btxt _2rdacontent |
||
| 337 |
_aunmediated _bn _2rdamedia |
||
| 338 |
_avolume _bnc _2rdacarrier |
||
| 365 |
_b45.00 _cUSD |
||
| 490 | 1 |
_aThe seminars of Jacques Derrida ; _vvol. 1 |
|
| 504 | _aIncludes bibliographical references and index. | ||
| 520 |
_a"In Hospitality, Volume I, Jacques Derrida continues a seminar series he inaugurated in 1991 under the general title of "Questions of Responsibility." Delivered at the École des Hautes Études en Sciences Sociales (EHESS) in Paris from November 1995 through June 1996, the seminar is guided by questions that focus on responsibility and "the foreigner": How is the foreigner welcomed and/or repressed? What does the notion of the foreigner reveal about kinship, ethnicity, the city, the state, and the nation? What are the stakes of the opposition between friend and enemy? How should we think of this in relation to borders, citizenship, displaced populations, immigration, exile, asylum, integration, assimilation, xenophobia, and racism? Derrida approaches these questions through readings of several classical texts as well as more modern texts from Heidegger, Arendt, and Camus, among others. Central to his project is a rigorous distinction between conventional hospitality (always finite and conditional) and the idea of a hospitality open unconditionally to the newcomer"-- _cProvided by publisher. |
||
| 650 | 0 |
_aOther (Philosophy) _9753576 |
|
| 650 | 0 |
_aOther minds (Theory of knowledge) _9753577 |
|
| 700 | 1 |
_aBrault, Pascale-Anne, _eeditor. _9753578 |
|
| 700 | 1 |
_aKamuf, Peggy, _d1947- _eeditor. _9753579 |
|
| 700 | 1 |
_aBurt, E. S., _etranslator. _9753580 |
|
| 800 | 1 |
_aDerrida, Jacques. _tWorks. _kSelections. _lEnglish. _f2009. _9753581 |
|
| 906 |
_a7 _bcbc _corignew _d1 _eecip _f20 _gy-gencatlg |
||
| 942 |
_2CC _cTB _hR3xN30 R3.1 _n0 |
||
| 999 |
_c1309836 _d1309836 |
||